Men around the messenger
| Main Author: | Khalid, Khalid Muhammad |
|---|---|
| Published: |
Kuala Lumpur:
Islamic Book Trust,
2005.
|
| Edition: | New rev. ed. |
| Subjects: |
| LEADER | 00538cam a2200169 7i4500 | ||
|---|---|---|---|
| 001 | 0000052414 | ||
| 005 | 20190424090000.0 | ||
| 020 | |a 9839154737 (pbk.) | ||
| 020 | |a 9789839154733 (pbk.) | ||
| 090 | 0 | 0 | |a BP76.9 |b .K58 2005 |
| 100 | 1 | |a Khalid, Khalid Muhammad | |
| 245 | 1 | 0 | |a Men around the messenger |c Khalid Muhammad Khalid. |
| 250 | |a New rev. ed. | ||
| 260 | |a Kuala Lumpur: |b Islamic Book Trust, |c 2005. | ||
| 300 | |a xxix, 485 p.; |c 22 cm. | ||
| 600 | 0 | 0 | |a Muhammad, |c Prophet, |d d. 632 |
| 999 | |a 0000064775 |b BOK |c OPEN SHELF |e 1st Floor, Bestari Jaya | ||


